Normal view
MARC view
- Hunter, Ronald P
Entry Personal Name
001 - CONTROL NUMBER
- control field: 120070
003 - CONTROL NUMBER IDENTIFIER
- control field: NUST
005 - DATE AND TIME OF LATEST TRANSACTION
- control field: 20240124092423.0
008 - FIXED-LENGTH DATA ELEMENTS
- fixed length control field: 240124|| aca||aabn | a|a d
040 ## - CATALOGING SOURCE
- Original cataloging agency: NUST
- Transcribing agency: NUST
100 ## - HEADING--PERSONAL NAME
- Personal name: Hunter, Ronald P
670 ## - SOURCE DATA FOUND
- Source citation: Work cat.: (NUST): Hunter, Ronald P., Automated process control systems : , 1978
